000
00372nam a2200157Ia 4500
008
151213s9999 xx 000 0 und d
100
_a
Rich Grace
245
_a
Using Power Point for Windows 95
_c
Rich Grace
250
_a
2nd
260
_a
U.S.A
_b
OUE
_c
1995
300
_a
2785 p.
650
_a
Computer
650
_a
Computer
700
_a
Rich Grace
999
_c
1895
_d
1895